Culture Générale - Série 330 - Statistiques

Statistiques générales
  • Ce quiz a été pris 389 fois
  • Le résultat moyen est 7 sur 10
Statistiques - réponses
Question Réponse % Correct
Quel pays a mis le visage de Mozart sur la face de ses pièces de 1 euro ? L'Autriche
96%
Quel soir de la semaine l'émission "Apostrophes" était-elle diffusée ? Le vendredi
95%
A quel héros est attribuée la phrase : "Elémentaire, mon cher Watson" ? Sherlock Holmes
92%
Quel couturier est indissociable de son catogan et ses lunettes noires ? Karl Lagerfeld
70%
Au football, quel terme désigne un match opposant deux équipes voisines ? Le derby
70%
Quel instrument permet aux sous-marins de voir ce qui se passe en surface ? Le périscope
61%
Qui fume des havanes dans la chanson de Serge Gainsbourg et Catherine Deneuve ? Dieu
59%
Quel est le nom de famille de Roméo dans la pièce "Roméo et Juliette" ? Montaigu
58%
Quel sport est concerné par le prix d'Amérique ? L'équitation
55%
Dans quelle catégorie de natation Muriel Hermine s'est-elle illustrée ? Synchronisée
53%
Aucun quiz correspondant
Distribution des résultats
% des personnes avec chaque résultat
Percentile par nombre de réponses
Votre historique - résultats
Vous n’avez pas pris ce quiz